000 01704nam a2200277 a 4500
003 DLC
005 20251013122008.0
008 991125c1986 mx fr p r 000 0 spa d
022 _a1405-2210
035 _aUPN01000061358
040 _aMX-MxUPN
_bspa
_cMX-MxUPN
_eaacr2
245 1 0 _aEstudios sobre las culturas contemporáneas :
_brevista de investigación y análisis
260 _aColima, México :
_bUniversidad de Colima. Centro Universitario de Investigaciones Sociales,
_c1986-
310 _aSemestral
510 0 _aLatindex
520 1 _aEs una publicación sobre la problemática de la cultura desde cualquier disciplina: histórica, sociológica, antropológica, psicológica, semiótica o filosófica, por mencionar algunas; o bien, desde una perspectiva interdisciplinaria o transdisciplinaria. Entendemos a la cultura como cosmovisión del mundo y prácticas sociales, a través de las cuales los seres humanos se relacionan con su entorno y consigo mismos, para dar sentido a sus realidades en el presente, pasado y futuro. Un propósito importante de nuestra publicación es contribuir a la evaluación no solamente de las investigaciones producidas por quienes investigan las problemáticas y realidades en torno a la cultura contemporánea, sino además sus métodos y estrategias de investigación; en este sentido, se ofrece la sección Metodología, métodos y técnicas, un distintivo de la revista.
530 _aTambién disponible en línea
650 4 _aSociología
_95756
650 2 _aAntropología
_94499
650 4 _aCultura
_97095
902 _aGloria Jiménez/131025
904 _aAC
_b002090
905 _aRevista
942 _cREV-I
999 _c60937
_d60937